| 000 | 00508nam a22001697a 4500 | ||
|---|---|---|---|
| 003 | OSt | ||
| 005 | 20251201101651.0 | ||
| 008 | 251201b |||||||| |||| 00| 0 eng d | ||
| 020 | _a978-1-78260-169-2 | ||
| 040 |
_aDWCL - Main _cOC |
||
| 082 | _aProf. 500 P558m 2016 | ||
| 100 | _aPhillips, Anna | ||
| 245 |
_aMoving into Science : _bTeachers' Book / _cAnna Philips and Terry Philips |
||
| 260 |
_aU.K.; _bGarnet Education, _cc2016. |
||
| 300 |
_a208 pages: _billustrations, _c28cm. |
||
| 942 |
_2ddc _cPROF. _n0 |
||
| 999 |
_c6631 _d6631 |
||